000 00445cam a2200145 4500500
005 20260329011133.0
041 _afre
042 _adc
100 1 0 _aBureau, Dominique
_eauthor
245 0 0 _aIntroduction
260 _c2005.
500 _a1
786 0 _nÉconomie & prévision | 167 | 1 | 2005-03-01 | p. 1-2 | 0249-4744
856 4 1 _uhttps://shs.cairn.info/revue-economie-et-prevision-1-2005-1-page-1?lang=fr&redirect-ssocas=7080
999 _c1858944
_d1858944